PARALLEL COMPUTING (Record no. 5194)

MARC details
000 -LEADER
fixed length control field 00372nam a22001577a 4500
005 - DATE AND TIME OF LATEST TRANSACTION
control field 20210909154633.0
008 - FIXED-LENGTH DATA ELEMENTS--GENERAL INFORMATION
fixed length control field 160905b xxu||||| |||| 00| 0 eng d
020 ## - INTERNATIONAL STANDARD BOOK NUMBER
ISBN 978-0-07-049546-3
041 ## - LANGUAGE CODE
Language code of text/sound track or separate title eng
100 ## - MAIN ENTRY--AUTHOR NAME
Personal name QUIN,MICHAEL J
245 ## - TITLE STATEMENT
Title PARALLEL COMPUTING
260 ## - PUBLICATION, DISTRIBUTION, ETC. (IMPRINT)
Name of publisher MGRRAW HILL
300 ## - PHYSICAL DESCRIPTION
Number of Pages 433
650 ## - SUBJECT ADDED ENTRY--TOPICAL TERM
Topical Term INFORMATION TECHNLOGY
942 ## - ADDED ENTRY ELEMENTS (KOHA)
Koha item type Books
Holdings
Lost status Damaged status Collection code Home library Current library Shelving location Date acquired Source of acquisition Cost, normal purchase price Accession Number Copy number Koha item type Full call number
    Non-fiction JRU Library   SHELF-30-B 05/09/2016 PURCHASE 635.00 21020 3 Books  
    CS/IT JRU Library JRU Library SHELF-52-J 05/09/2016 PURCHASE 635.00 21021 3 Books 004.35
    CS/IT JRU Library JRU Library SHELF-52-J 05/09/2016 PURCHASE 635.00 21022 3 Books 004.35
    CS/IT JRU Library JRU Library SHELF-52-J 06/10/2018 Purchase 635.00 22436   Books 004.35
    CS/IT JRU Library JRU Library SHELF-52-J 06/10/2018 Purchase 635.00 22437   Books 004.35
    CS/IT JRU Library JRU Library SHELF-52-J 06/10/2018 Purchase 635.00 22438   Books 004.35
    CS/IT JRU Library JRU Library SHELF-52-J 06/10/2018 Purchase 635.00 22439   Books 004.35
    CS/IT JRU Library JRU Library SHELF-52-J 06/10/2018 Purchase 635.00 22440   Books 004.35